| 000 | 01251nam a2200313Ia 4500 | ||
|---|---|---|---|
| 001 | ebr10022980 | ||
| 003 | CaPaEBR | ||
| 006 | m u | ||
| 007 | cr cn||||||||| | ||
| 008 | 010522s2002 nyu sb 001 0 eng d | ||
| 020 | _z0312299125 | ||
| 040 |
_aCaPaEBR _cCaPaEBR |
||
| 035 | _a(OCoLC)55664211 | ||
| 050 | 1 | 4 |
_aBT26 _b.L44 2002eb |
| 082 | 0 | 4 |
_a230/.2/0902 _221 |
| 100 | 1 |
_aLee, Richard A., _cJr. |
|
| 245 | 1 | 0 |
_aScience, the singular, and the question of theology _h[electronic resource] / _cRichard A. Lee, Jr. |
| 260 |
_aNew York ; _aHoundmills, Basingstroke, Hampshire : _bPalgrave, _c2002. |
||
| 300 | _aix, 180 p. | ||
| 490 | 1 | _aNew Middle Ages | |
| 504 | _aIncludes bibliographical references (p. [159]-170) and index. | ||
| 533 |
_aElectronic reproduction. _bPalo Alto, Calif. : _cebrary, _d2009. _nAvailable via World Wide Web. _nAccess may be limited to ebrary affiliated libraries. |
||
| 650 | 0 |
_aTheology, Doctrinal _xHistory _yMiddle Ages, 600-1500. |
|
| 650 | 0 | _aPhilosophy, Medieval. | |
| 655 | 7 |
_aElectronic books. _2local |
|
| 710 | 2 | _aebrary, Inc. | |
| 830 | 0 | _aNew Middle Ages. | |
| 856 | 4 | 0 |
_uhttp://site.ebrary.com/lib/rucke/Doc?id=10022980 _zAn electronic book accessible through the World Wide Web; click to view |
| 999 |
_c7649 _d7649 |
||